रोज़ एक कहानी / (Record no. 175778)

MARC details
000 -LEADER
fixed length control field 01248nam a22002657a 4500
005 - DATE AND TIME OF LATEST TRANSACTION
control field 20200929145100.0
010 ## - LCCN (DPL NO)
LC control number B-736368
020 ## - INTERNATIONAL STANDARD BOOK NUMBER
Terms of availability 200.00
International Standard Book Number 8170551420
035 ## - SYSTEM CONTROL NUMBER
System control number B-736368
037 ## - SOURCE OF ACQUISITION
Source of stock number/acquisition डी.बी.ए.डी./ उपहार
082 ## - DEWEY DECIMAL CLASSIFICATION NUMBER
Classification number
Item number मंटोस
100 ## - MAIN ENTRY--PERSONAL NAME
Personal name मंटो, सआदत हसन
245 ## - TITLE STATEMENT
Title रोज़ एक कहानी /
Statement of responsibility, etc सआदत हसन मंटो; संपादक नरेंद्र मोहन
246 ## - VARYING FORM OF TITLE
Title proper/short title Roz ek kahani /
Remainder of title by Saadat Hasan Manto; sampadak Narendra Mohan
260 ## - PUBLICATION, DISTRIBUTION, ETC. (IMPRINT)
Place of publication, distribution, etc नयी दिल्ली
Name of publisher, distributor, etc वाणी प्रकाशन
Date of publication, distribution, etc 2010(आवृत्ति)
270 ## - ADDRESS
Address 4695,21-ए, दरियागंज
City नयी दिल्ली
Postal code 110002
300 ## - PHYSICAL DESCRIPTION
Extent 176पृ.
Dimensions 20सेमी(सजिल्द)
650 ## - SUBJECT ADDED ENTRY--TOPICAL TERM
Topical term or geographic name as entry element हिन्दी साहित्य
650 ## - SUBJECT ADDED ENTRY--TOPICAL TERM
Topical term or geographic name as entry element हिन्दी -- कहानियाँ
650 ## - SUBJECT ADDED ENTRY--TOPICAL TERM
Topical term or geographic name as entry element Hindi literature
650 ## - SUBJECT ADDED ENTRY--TOPICAL TERM
Topical term or geographic name as entry element Hindi -- Stories
700 ## - ADDED ENTRY--PERSONAL NAME
Personal name नरेंद्र मोहन
9 (RLIN) 69914
942 ## - ADDED ENTRY ELEMENTS (KOHA)
Source of classification or shelving scheme Dewey Decimal Classification
Item type Hindi Books
Classification part
Call number suffix मंटोस
Holdings
Withdrawn status Lost status Not for loan Collection code Home library Current library Date acquired Source of acquisition Cost, normal purchase price Full call number Barcode Copy number Cost, replacement price Koha item type Public note
      Fiction Ashok Vihar Ashok Vihar 29/09/2020 उपहार/29.9.2020 200.00 क मंटोस B-736368 1 200.00 Hindi Books उपहार

© Delhi Public Library
Hit Counter
free hit counter